LA POLEMICA DE LA POSMODERNIDAD/

Պահպանված է:
Մատենագիտական մանրամասներ
Հիմնական հեղինակ: Tono Martínez, José (coord.)
Ձևաչափ: Գիրք
Շարք:ENSAYO; 12
Խորագրեր:
Ցուցիչներ: Ավելացրեք ցուցիչ
Չկան պիտակներ, Եղեք առաջինը, ով նշում է այս գրառումը!

MARC

LEADER 00000nam^a2200000^a^4500
001 000221106
005 20250521000000.0
009 20260310103905.705
020 |a 84-85641-99-X 
035 |a 037402 
037 |a Acervo Xavier Clavigero 
082 |a 306.  |b POL 
100 |a Tono Martínez, José  |e (coord.) 
245 1 3 |a LA POLEMICA DE LA POSMODERNIDAD/  |c COORD. JOSE TONO MARTINEZ 
264 |a MADRID :  |b LIBERTARIAS,  |c 1986 
300 |a 326p. :  |b il., retrs. 
336 |a texto  |b txt  |2 rdacontenido 
337 |a sin mediación  |b n  |2 rdamedio 
338 |a volumen  |b nc  |2 rdasoporte 
440 |a ENSAYO;  |v 12 
649 |a XX 
650 |a Modernidad y Posmodernidad 
650 |a Cultura 
910 |a Fondo General 
920 |a Impresos - Libros 
930 |a Colección General 
905 |a 101 
901 |a 037402  |b IT1  |c ACC  |i 037402  |u 20250521 
902 |a https://opac.biblio.iteso.mx/vufind/Record/000221106